| 000 | 01027nam a2200265 i 4500 | ||
|---|---|---|---|
| 003 | EG-ScBUE | ||
| 005 | 20240121143525.0 | ||
| 008 | 100429s1987 u ab f b 000 0 ara d | ||
| 017 | _a1987 / 3593 | ||
| 020 | _a977011359X | ||
| 040 |
_aEG-ScBUE _bara _erda _cEG-ScBUE _dEG-ScBUE |
||
| 043 | _aa-ye--- | ||
| 082 | 0 | 4 |
_222 _a953.35 _bأ ب ا |
| 100 | 1 |
_913757 _aأباظة, فاروق عثمان، _eمؤلف. |
|
| 245 | 1 | 0 |
_aعدن والسياسة البريطانية في البحر الأحمر : _b1839-1918 / _cد. فاروق عثمان أباظة. |
| 264 | 1 |
_a[القاهرة] : _bالهيئة المصرية العامة للكتاب، _c1987. |
|
| 300 |
_a718 صفحة : _bإيضاحيات، خرائط ؛ _c22 سم |
||
| 336 |
_2rdacontent _aنص _btxt |
||
| 337 |
_aبدون وسيط _2rdamedia _bn |
||
| 338 |
_aمجلد _bnc _2rdacarrier |
||
| 504 | _aيشتمل على إرجاعات ببليوجرافية. | ||
| 651 | 7 |
_2BUEsh _aعدن (اليمن) _xتاريخ. |
|
| 655 | _vReading book | ||
| 942 |
_2ddc _cBB |
||
| 999 |
_c13957 _d13957 |
||